Mezinárodní účetní standardy vztahujíci se k oběžným aktivům a pasívům a k vykazování výnosů a zisku.
Prehľad štandardov: Vykazovanie obežných aktív a pasív (štandard č.13), účtovanie o výnosoch (18), mimoriadne položky a položky predchádzajúcich období (8), neisté prípady, a prípady, ktoré nastanú až po dátume, ku ktorému sa zostavuje súvaha (10).
Salvato in:
| Autore principale: | |
|---|---|
| Natura: | Capitolo di libro |
| Lingua: | ceco |
| Soggetti: | |
| Tags: |
Nessun Tag, puoi essere il primo ad aggiungerne!!
|
MARC
| LEADER | 00000naa a2200000 4500 | ||
|---|---|---|---|
| 001 | r008145 | ||
| 005 | 20220831085421.8 | ||
| 041 | 0 | |a cze | |
| 044 | |a [CS] | ||
| 245 | 1 | 0 | |a Mezinárodní účetní standardy vztahujíci se k oběžným aktivům a pasívům a k vykazování výnosů a zisku. |c L. Beneš |
| 520 | |a Prehľad štandardov: Vykazovanie obežných aktív a pasív (štandard č.13), účtovanie o výnosoch (18), mimoriadne položky a položky predchádzajúcich období (8), neisté prípady, a prípady, ktoré nastanú až po dátume, ku ktorému sa zostavuje súvaha (10). | ||
| 610 | 2 | 0 | |a štandardizácia |
| 610 | 2 | 0 | |a účtovníctvo |
| 610 | 2 | 0 | |a účty aktív |
| 610 | 2 | 0 | |a účty pasív |
| 610 | 2 | 0 | |a zisk |
| 610 | 2 | 0 | |a výnosy podnikové |
| 610 | 2 | 0 | |a súvaha |
| 100 | 1 | |a Beneš, L. | |